[Event "Yaroslav the Wise op"]
[Site "Yaroslavl"]
[Date "2018.07.20"]
[Round "1"]
[White "Shlykov, Yaroslav"]
[Black "Morin, Vladimir I"]
[Result "1-0"]
[WhiteElo "1743"]
[BlackElo "2171"]
[PlyCount "103"]
[EventDate "2018.07.20"]
[EventType "swiss"]
[EventRounds "9"]
[EventCountry "RUS"]
[SourceTitle "CBM 186 Extra"]
[Source "ChessBase"]
[SourceDate "2018.08.24"]
[SourceVersion "1"]
[SourceVersionDate "2018.08.24"]
[SourceQuality "1"]

1. e4 c5 2. c3 d5 3. exd5 Qxd5 4. d4 Nc6 5. Nf3 Bg4 6. Be2 cxd4 7. cxd4 e5 8. Nc3 Bb4 9. 0-0 Bxc3 10. bxc3 e4 11. Nd2 Bxe2 12. Qxe2 f5 13. Rb1 Nf6 14. Ba3 0-0-0 15. Nc4 Ne8 16. Rb3 Rd7 17. Rfb1 Qf7 18. Rb5 g6 19. Na5 Nxa5 20. Rxa5 a6 21. Rxa6 Nc7 22. Ra7 Qd5 23. Qb2 b5 24. Bc5 Rhd8 25. h3 Ne6 26. Rxd7 Rxd7 27. Qxb5 Rc7 28. Qe8+ Nd8 29. Be7 Qd7 30. Qxd8+ Qxd8 31. Bxd8 Kxd8 32. Rc1 Rc4 33. Kf1 Ke7 34. Ke2 f4 35. g3 g5 36. gxf4 gxf4 37. f3 e3 38. Kd3 Rc6 39. d5 Ra6 40. Rc2 Kd6 41. Kd4 Ra4+ 42. c4 h6 43. h4 h5 44. Rg2 Rb4 45. a3 Ra4 46. Ra2 Kd7 47. Kc5 e2 48. Rxe2 Rxa3 49. Re5 Rxf3 50. Rxh5 Ra3 51. Rf5 f3 52. h5 1-0